| 000 | 00683cam a2200241 u 4500 | ||
|---|---|---|---|
| 003 | MX-MxUPN | ||
| 005 | 20240315094833.0 | ||
| 008 | 190904n2004 a br 000 0 spa d | ||
| 020 | _a0153483040 | ||
| 035 | _aUPN01000232610 | ||
| 040 |
_aMX-MxUPN _bspa |
||
| 041 | 0 | _aspa | |
| 050 | 4 |
_aTX355 _bH46 2000 |
|
| 100 | 1 |
_aHensley, Laura _951369 |
|
| 245 | 1 | 1 | _a¿Qué comes? |
| 260 |
_aOrlando, Florida : _bHarcourt, _c[200?]. |
||
| 300 |
_a8 páginas : _bilustraciones |
||
| 650 | 4 |
_921621 _aAlimentos _vLiteratura infantil |
|
| 650 | 4 |
_951368 _aPlantas comestibles _vLiteratura infantil |
|
| 902 | _bVíctorGodínez/150324 | ||
| 942 |
_2lcc _cLIBRO |
||
| 999 |
_c204705 _d204705 |
||